Burn out - syndróm vyhorenia projektového manažéra
Dôvod, história, fázy, dôsledky syndrómu vyhorenia. Prevencia vzniku syndrómu vyhorenia v organizácii.
Salvato in:
| Autore principale: | |
|---|---|
| Natura: | Capitolo di libro |
| Lingua: | slovacco |
| Soggetti: | |
| Tags: |
Nessun Tag, puoi essere il primo ad aggiungerne!!
|
MARC
| LEADER | 00000nla$a2200000$$$4500 | ||
|---|---|---|---|
| 001 | 0145048 | ||
| 005 | 20240502072614.5 | ||
| 041 | 0 | |a slo | |
| 044 | |a SK | ||
| 245 | 1 | 0 | |a Burn out - syndróm vyhorenia projektového manažéra |c Martin Ďurik |
| 520 | |a Dôvod, história, fázy, dôsledky syndrómu vyhorenia. Prevencia vzniku syndrómu vyhorenia v organizácii. | ||
| 610 | 2 | 0 | |a psychológia |
| 610 | 2 | 0 | |a psychológia práce |
| 100 | 1 | |a Ďurik, Martin | |